000 00863nam a2200277 a 4500
001 52668
003 BD-RjUL
005 20211209075837.0
008 160925s1962 enka 001 0 eng
035 _a(BD-RjUL)52788
040 _aBD-RjUL
_beng
_cBD-RjUL
_dBD-RjUL
041 _aeng
082 0 4 _223
_a526.8
_bBYI 1962
100 1 _aBygott, John.
_927019
245 1 3 _aAn introduction to mapwork and practical geography /
_cby John Bygott.
250 _a8th ed. /
260 _aLondon :
_bUniversity Tutorial Press,
_c1962
300 _aviii, 264 p. :
_bill. ;
_c22 cm.
500 _aIncludes index.
650 0 _aCartography
_xStudy and teaching.
_927020
650 0 _aMeteorology
_vCharts, diagrams, etc.
_927021
650 0 _aGeology
_vMaps.
_927022
650 0 _aMap reading
_xStudy and teaching.
_927023
700 1 _aMoney, D. C.
_927024
942 _2ddc
_cBK
999 _c52668
_d52668